Statistics for Words Ending In U (Photos)

Click here to take the quiz!

General Stats

  • This quiz has been taken 28 times
    (19 since last reset)
  • The average score is 8 of 16

Answer Stats

Answer% Correct
Emu
93%
Pikachu
93%
You
86%
Flu
71%
Peru
57%
Tiramisu
57%
Uluru
57%
Tutu
43%
Gnu
36%
Jujitsu
36%
Shamu
36%
Caribou
29%
Guinea-Bissau
29%
Mumu
29%
Tofu
21%
Lulu
7%

Score Distribution

Percentile by Number Answered

Percent of People with Each Score

Your Score History

You have not taken this quiz since the last reset